La Vacunació antituberculosa de Calmette BCG
MARC
| LEADER | 00000nam a2200000Ia 4500 | ||
|---|---|---|---|
| 001 | 1168 | ||
| 003 | AGDB | ||
| 005 | 20260410113648.0 | ||
| 008 | 160829s1931 xx 000 0 cat d | ||
| 040 | |a agdb |b cat | ||
| 080 | |a RF-5-59 | ||
| 245 | |a La Vacunació antituberculosa de Calmette BCG | ||
| 260 | |a Barcelona : |b [Diputació de Barcelona]. Servei d'Assistència Social dels Tuberculosos. Laboratori Municipal (Imp. Casa Caritat), |c 1931 | ||
| 300 | |a 27 p., 2 làm. ; |c 20 cm | ||
| 590 | |a Text en català i castellà | ||
| 650 | |a Vacunes antituberculoses |9 27730 | ||
| 710 | 1 | |a Barcelona (Catalunya : Província). |b Diputació |b Servei d'Assistència Social dels Tuberculosos. Laboratori Municipal |9 52408 | |
| 856 | 4 | |u https://media.diba.cat/diba/fitxers/arxiu/fulletons/bib_1168_baixa_web.pdf |y Accés lliure | |
| 856 | 4 | |u https://media.diba.cat/diba/fitxers/arxiu/fulletons/bib_1168_baixa_web.pdf |y Accés lliure | |
| 856 | 4 | 0 | |u https://www.diba.cat/documents/94831/401503169/bib_1168_baixa_web.pdf/ef49b8eb-de8e-3c68-cb4f-10ac26295d5f?t=1702893505732 |y Accés lliure |
| 901 | |a Arxiu | ||
| 942 | |n 1 |2 udc |c ARXIU | ||
| 952 | |0 0 |1 0 |4 0 |6 RF559 |7 1 |9 44527 |a Arxiu |b Arxiu |d 2016-12-01 |l 0 |o RF-5-59 |p 1168 |r 2016-12-01 00:00:00 |w 2016-12-01 |y ARXIU | ||
| 999 | |c 47108 |d 47108 | ||